[Event "La Valetta ol (Men)"]
[Site "La Valetta"]
[Date "1980.11.30"]
[Round "10"]
[White "Arnason, Jon L"]
[Black "Balashov, Yuri S"]
[Result "1/2-1/2"]
[WhiteElo "2470"]
[BlackElo "2600"]
[PlyCount "46"]
[EventDate "1980.11.20"]
[EventType "team"]
[EventRounds "14"]
[EventCountry "MLT"]
[Source "ChessBase"]
[SourceDate "1999.11.16"]
[WhiteTeam "ISL"]
[BlackTeam "URS"]
[WhiteTeamCountry "ISL"]
[BlackTeamCountry "URS"]

1. e4 e5 2. f4 d5 3. exd5 exf4 4. Nf3 Nf6 5. Bc4 Nxd5 6. Bb3 Be7 7. O-O O-O 8.
c4 Nf6 9. d4 c5 10. Kh1 Bg4 11. dxc5 Qxd1 12. Bxd1 Bxc5 13. Bxf4 Ne4 14. Ng5
Nf2+ 15. Rxf2 Bxd1 16. Rd2 Bg4 17. Nc3 Nc6 18. h3 Be6 19. Nxe6 fxe6 20. Bd6
Bxd6 21. Rxd6 e5 22. Ne4 Rf4 23. Re1 Rd8 1/2-1/2

[Event "La Valetta ol (Men)"]
[Site "La Valetta"]
[Date "1980.12.02"]
[Round "11"]
[White "Balashov, Yuri S"]
[Black "Tarjan, James Edward"]
[Result "1/2-1/2"]
[WhiteElo "2600"]
[BlackElo "2490"]
[PlyCount "37"]
[EventDate "1980.11.20"]
[EventType "team"]
[EventRounds "14"]
[EventCountry "MLT"]
[Source "ChessBase"]
[SourceDate "1999.11.16"]
[WhiteTeam "URS"]
[BlackTeam "USA"]
[WhiteTeamCountry "URS"]
[BlackTeamCountry "USA"]

1. d4 Nf6 2. Nf3 e6 3. c4 b6 4. e3 Bb7 5. Nc3 Be7 6. Bd3 d5 7. O-O O-O 8. b3 c5
9. Qe2 cxd4 10. exd4 Nc6 11. Rd1 Rc8 12. a3 Re8 13. Bb2 g6 14. b4 dxc4 15. Bxc4
Qc7 16. Nb5 Qb8 17. Nc3 Qc7 18. Nb5 Qb8 19. Nc3 1/2-1/2

[Event "La Valetta ol (Men)"]
[Site "La Valetta"]
[Date "1980.11.20"]
[Round "1"]
[White "Fernandez, Antonio"]
[Black "Polugaevsky, Lev"]
[Result "1/2-1/2"]
[WhiteElo "2285"]
[BlackElo "2620"]
[PlyCount "126"]
[EventDate "1980.11.20"]
[EventType "team"]
[EventRounds "14"]
[EventCountry "MLT"]
[Source "ChessBase"]
[SourceDate "1999.11.16"]
[WhiteTeam "VEN"]
[BlackTeam "URS"]
[WhiteTeamCountry "VEN"]
[BlackTeamCountry "URS"]

1. e4 c5 2. Nf3 e6 3. d4 cxd4 4. Nxd4 Nc6 5. Nc3 a6 6. Be2 d6 7. O-O Nf6 8. Be3
Be7 9. f4 O-O 10. Qe1 Qc7 11. Rd1 Bd7 12. Qg3 b5 13. a3 Nxd4 14. Bxd4 Bc6 15.
Bd3 Qb7 16. e5 Nh5 17. Qh3 g6 18. g4 dxe5 19. fxe5 Ng7 20. Qe3 Rfd8 21. Ne4 Ne8
22. c3 Rac8 23. Rf3 Bf8 24. Rdf1 Rc7 25. h4 Rd5 26. h5 Bg7 27. Ng5 Rxd4 28.
cxd4 Bxf3 29. Nxf3 Qb6 30. Qe4 Bh6 31. Kg2 Qc6 32. Qxc6 Rxc6 33. Be4 Rc4 34.
Rd1 Nc7 35. Kf2 Nd5 36. Bxd5 Rc2+ 37. Ke1 exd5 38. hxg6 hxg6 39. g5 Bf8 40. Rd2
Rc4 41. Ke2 Be7 42. Kd3 Rc1 43. Re2 Rc6 44. Re1 a5 45. Rg1 a4 46. Nd2 Kf8 47.
Nb1 b4 48. axb4 Bxb4 49. Nc3 Bxc3 50. bxc3 Ke7 51. Rb1 Ra6 52. Rb7+ Ke6 53. Kc2
a3 54. Kb1 Rc6 55. Rb3 Kf5 56. Rxa3 Kxg5 57. Kc2 Kf5 58. Kd3 Ke6 59. Ra8 f6 60.
exf6 Kxf6 61. Rd8 Ke6 62. Rg8 Kf7 63. Rd8 Ke6 1/2-1/2

[Event "La Valetta ol (Men)"]
[Site "La Valetta"]
[Date "1980.12.04"]
[Round "13"]
[White "Geller, Efim P"]
[Black "Ciocaltea, Victor"]
[Result "1-0"]
[WhiteElo "2565"]
[BlackElo "2455"]
[PlyCount "81"]
[EventDate "1980.11.20"]
[EventType "team"]
[EventRounds "14"]
[EventCountry "MLT"]
[Source "ChessBase"]
[SourceDate "1999.11.16"]
[WhiteTeam "URS"]
[BlackTeam "ROM"]
[WhiteTeamCountry "URS"]
[BlackTeamCountry "ROM"]

1. e4 d6 2. d4 Nf6 3. Nc3 g6 4. Nf3 Bg7 5. Be2 O-O 6. O-O c6 7. h3 Na6 8. Re1
Nc7 9. Bf1 d5 10. e5 Nfe8 11. Ne2 Ne6 12. Nf4 N8c7 13. Nd3 f5 14. exf6 exf6 15.
a4 a5 16. b3 Re8 17. Ba3 Bf8 18. Bxf8 Rxf8 19. Qd2 Qd6 20. Rad1 b6 21. Qc1 Ba6
22. c4 Qd7 23. Nf4 Nxf4 24. Qxf4 Rad8 25. Re3 Ne6 26. Rxe6 Qxe6 27. cxd5 Qc8
28. Bxa6 Qxa6 29. dxc6 g5 30. Qc1 Rd6 31. d5 Rfd8 32. Nd4 Rxd5 33. c7 Re8 34.
Qc6 Qa8 35. Qxb6 Qc8 36. Rc1 Qd7 37. Nb5 g4 38. Qa6 gxh3 39. c8=Q Rd8 40. Rc2
Qf5 41. Rc3 1-0

[Event "La Valetta ol (Men)"]
[Site "La Valetta"]
[Date "1980.11.30"]
[Round "10"]
[White "Geller, Efim P"]
[Black "Olafsson, Helgi"]
[Result "1-0"]
[WhiteElo "2565"]
[BlackElo "2370"]
[PlyCount "115"]
[EventDate "1980.11.20"]
[EventType "team"]
[EventRounds "14"]
[EventCountry "MLT"]
[Source "ChessBase"]
[SourceDate "1999.11.16"]
[WhiteTeam "URS"]
[BlackTeam "ISL"]
[WhiteTeamCountry "URS"]
[BlackTeamCountry "ISL"]

1. e4 c5 2. Nc3 d6 3. Nf3 a6 4. g3 Nc6 5. Bg2 Bg4 6. h3 Bxf3 7. Bxf3 g6 8. O-O
Bg7 9. Bg2 e6 10. d3 Rb8 11. Ne2 Nge7 12. c3 O-O 13. Be3 Qd7 14. Qd2 Rfc8 15.
Rad1 b5 16. d4 cxd4 17. cxd4 Nd8 18. Rc1 Nb7 19. g4 Rxc1 20. Rxc1 d5 21. e5 Rc8
22. Bf1 Bf8 23. Rxc8 Qxc8 24. Nc1 Nc6 25. Nd3 Qc7 26. b4 Qb6 27. Qc3 Be7 28. f4
Kf8 29. a3 Ke8 30. Bg2 a5 31. Bf1 axb4 32. axb4 Qa6 33. f5 Kd7 34. f6 Bf8 35.
Qb2 Qa4 36. Bd2 Kc7 37. Be2 Qa7 38. Bc3 Qa4 39. Kf2 Nb8 40. h4 Nd7 41. Nc5 Bxc5
42. bxc5 Kc6 43. Qb4 Nbxc5 44. dxc5 Qxb4 45. Bxb4 Nxe5 46. Kg3 Nd7 47. g5 Nxc5
48. Kf4 Nd7 49. Ke3 e5 50. Bg4 Nb6 51. Kd3 Nd7 52. Be7 Nb6 53. Bh3 Nd7 54. Kc3
Nb8 55. Kb3 Nd7 56. Bg4 Nb8 57. Kc3 Nd7 58. Kb4 1-0

[Event "La Valetta ol (Men)"]
[Site "La Valetta"]
[Date "1980.11.23"]
[Round "4"]
[White "Geller, Efim P"]
[Black "Parma, Bruno"]
[Result "1/2-1/2"]
[WhiteElo "2565"]
[BlackElo "2540"]
[PlyCount "58"]
[EventDate "1980.11.20"]
[EventType "team"]
[EventRounds "14"]
[EventCountry "MLT"]
[Source "ChessBase"]
[SourceDate "1999.11.16"]
[WhiteTeam "URS"]
[BlackTeam "YUG"]
[WhiteTeamCountry "URS"]
[BlackTeamCountry "YUG"]

1. e4 c5 2. Nf3 d6 3. d4 cxd4 4. Nxd4 Nf6 5. Nc3 g6 6. g3 Nc6 7. Nde2 Bg7 8.
Bg2 O-O 9. O-O Bd7 10. h3 a6 11. a4 Rb8 12. Nd5 Na5 13. Ra2 Nxd5 14. exd5 Qc7
15. b3 b5 16. axb5 axb5 17. Be3 Ra8 18. Bd4 Nb7 19. Rxa8 Rxa8 20. Bxg7 Kxg7 21.
Qd2 Rc8 22. Nd4 Qc3 23. Qxc3 Rxc3 24. Ra1 b4 25. Ra6 Bf5 26. Ra2 h5 27. Kf1 Nc5
28. Ke1 e5 29. dxe6 Nxe6 1/2-1/2

[Event "La Valetta ol (Men)"]
[Site "La Valetta"]
[Date "1980.11.26"]
[Round "6"]
[White "Geller, Efim P"]
[Black "Sosonko, Gennadi"]
[Result "1/2-1/2"]
[WhiteElo "2565"]
[BlackElo "2505"]
[PlyCount "95"]
[EventDate "1980.11.20"]
[EventType "team"]
[EventRounds "14"]
[EventCountry "MLT"]
[Source "ChessBase"]
[SourceDate "1999.11.16"]
[WhiteTeam "URS"]
[BlackTeam "NED"]
[WhiteTeamCountry "URS"]
[BlackTeamCountry "NED"]

1. e4 c5 2. Nf3 Nc6 3. d4 cxd4 4. Nxd4 Nf6 5. Nc3 d6 6. Bg5 e6 7. Qd2 Be7 8.
O-O-O O-O 9. f4 h6 10. Bh4 e5 11. Nf5 Bxf5 12. exf5 Qa5 13. Kb1 Rad8 14. Bxf6
Bxf6 15. Nd5 Qxd2 16. Rxd2 exf4 17. Nxf6+ gxf6 18. Be2 Rfe8 19. Rf1 Re4 20. Bf3
Re3 21. b3 Rd7 22. Bxc6 bxc6 23. Rxf4 d5 24. Rc4 Rd6 25. Ra4 Rd7 26. Rc4 Rd6
27. Rh4 Re5 28. Rxh6 Rxf5 29. Rh4 c5 30. Ra4 a6 31. Kb2 Kg7 32. c3 Re5 33. Rg4+
Kf8 34. Rg3 f5 35. Rgd3 Ke7 36. Rh3 f4 37. Rf3 Re4 38. Rdf2 Rde6 39. Kc2 Kd6
40. Kd2 Rg6 41. g3 fxg3 42. hxg3 f5 43. Rxf5 Rxg3 44. Rf8 Rg6 45. Ra8 Kc7 46.
Kc2 Reg4 47. Rf7+ Kb6 48. Rb8+ {(...)} 1/2-1/2

[Event "La Valetta ol (Men)"]
[Site "La Valetta"]
[Date "1980.11.25"]
[Round "5"]
[White "Karpov, Anatoly"]
[Black "Ermenkov, Evgenij"]
[Result "1/2-1/2"]
[WhiteElo "2725"]
[BlackElo "2520"]
[PlyCount "89"]
[EventDate "1980.11.20"]
[EventType "team"]
[EventRounds "14"]
[EventCountry "MLT"]
[Source "ChessBase"]
[SourceDate "1999.11.16"]
[WhiteTeam "URS"]
[BlackTeam "BUL"]
[WhiteTeamCountry "URS"]
[BlackTeamCountry "BUL"]

1. Nf3 Nf6 2. c4 g6 3. g3 Bg7 4. Bg2 O-O 5. O-O d6 6. d4 Nbd7 7. Nc3 e5 8. Qc2
Re8 9. Rd1 c6 10. e4 Qe7 11. d5 c5 12. Ne1 Ng4 13. h3 Nh6 14. Be3 a6 15. Rab1
b6 16. b4 Ra7 17. bxc5 bxc5 18. Na4 f5 19. Bxh6 Bxh6 20. exf5 gxf5 21. Qxf5 Nb6
22. Qc2 Nxa4 23. Qxa4 Bf5 24. Rb2 e4 25. Re2 e3 26. fxe3 Bxe3+ 27. Kh1 Qf8 28.
Nc2 Bxc2 29. Qxc2 Rae7 30. Rf1 Qg7 31. g4 Re5 32. Qa4 Qg6 33. Qd1 Qh6 34. Rf3
Bd4 35. Rxe5 Rxe5 36. Qb1 Qg6 37. Qf1 Qe8 38. Qd3 Re1+ 39. Bf1 Qe7 40. Qf5 Kg7
41. g5 Re5 42. Qf6+ Qxf6 43. gxf6+ Kf7 44. Ra3 Rg5 45. Bg2 1/2-1/2

[Event "La Valetta ol (Men)"]
[Site "La Valetta"]
[Date "1980.12.06"]
[Round "14"]
[White "Karpov, Anatoly"]
[Black "Jakobsen, Ole"]
[Result "1-0"]
[WhiteElo "2725"]
[BlackElo "2400"]
[PlyCount "113"]
[EventDate "1980.11.20"]
[EventType "team"]
[EventRounds "14"]
[EventCountry "MLT"]
[Source "ChessBase"]
[SourceDate "1999.11.16"]
[WhiteTeam "URS"]
[BlackTeam "DEN"]
[WhiteTeamCountry "URS"]
[BlackTeamCountry "DEN"]

1. d4 d5 2. c4 e6 3. Nc3 Be7 4. Nf3 Nf6 5. Bg5 O-O 6. e3 Nbd7 7. Rc1 a6 8. c5
Ne4 9. Nxe4 dxe4 10. Bxe7 Qxe7 11. Nd2 Nf6 12. Nc4 Bd7 13. Ne5 Qe8 14. Bc4 Bc6
15. Qc2 Bd5 16. O-O Bxc4 17. Nxc4 Qc6 18. Ne5 Qd5 19. b3 Rad8 20. Qe2 c6 21.
Nc4 Ne8 22. Qc2 Qf5 23. Rcd1 h6 24. a4 Qh7 25. b4 f5 26. Qb3 Nc7 27. f3 f4 28.
exf4 Rxf4 29. Nd6 exf3 30. Rxf3 Nd5 31. Rxf4 Nxf4 32. Rf1 Qd3 33. Qxd3 Nxd3 34.
a5 Rd7 35. Rb1 Nf4 36. Kf2 Nd5 37. Rb3 Ne7 38. Re3 Nf5 39. Rxe6 Nxd4 40. Re8+
Kh7 41. Re4 Nb5 42. Nxb5 axb5 43. Ke3 Rd1 44. Rd4 Re1+ 45. Kf4 Kg6 46. a6 bxa6
47. Rd6+ Kh5 48. Rxc6 Rb1 49. Rxa6 Rxb4+ 50. Ke5 Rb2 51. c6 Rxg2 52. c7 Rg5+
53. Kd4 Rg4+ 54. Kd5 Rg5+ 55. Kc6 Rg2 56. Kb7 Rc2 57. Rc6 1-0

[Event "La Valetta ol (Men)"]
[Site "La Valetta"]
[Date "1980.11.20"]
[Round "1"]
[White "Karpov, Anatoly"]
[Black "Ostos, Julio"]
[Result "1-0"]
[WhiteElo "2725"]
[BlackElo "2255"]
[PlyCount "91"]
[EventDate "1980.11.20"]
[EventType "team"]
[EventRounds "14"]
[EventCountry "MLT"]
[Source "ChessBase"]
[SourceDate "1999.11.16"]
[WhiteTeam "URS"]
[BlackTeam "VEN"]
[WhiteTeamCountry "URS"]
[BlackTeamCountry "VEN"]

1. e4 e6 2. d4 d5 3. Nd2 Nf6 4. e5 Nfd7 5. Bd3 c5 6. c3 Nc6 7. Ne2 cxd4 8. cxd4
f6 9. exf6 Nxf6 10. Nf3 Bd6 11. O-O Qc7 12. Nc3 a6 13. Bg5 O-O 14. Bh4 Bd7 15.
Re1 Rae8 16. Rc1 Qb8 17. Bb1 Kh8 18. a3 Bf4 19. Rc2 Ng4 20. h3 Nh6 21. Bg5 Nf5
22. Bxf4 Qxf4 23. Ne2 Qd6 24. Rd2 Rf6 25. Nc3 Ref8 26. Ne5 Be8 27. Nxc6 Bxc6
28. Qe2 Qf4 29. Bxf5 Rxf5 30. Qe3 Qh4 31. Qg3 Qf6 32. Nd1 Rf4 33. Re5 h6 34.
Ne3 Bd7 35. Ng4 Qd8 36. Re3 Qa5 37. Rc3 Be8 38. Ne5 Bh5 39. Nd7 R8f5 40. Rc8+
Kh7 41. b4 Qb5 42. Rc7 Rf7 43. Nf8+ Kg8 44. Nxe6 Qe8 45. Nxg7 Qe1+ 46. Kh2 1-0

[Event "La Valetta ol (Men)"]
[Site "La Valetta"]
[Date "1980.11.??"]
[Round "4"]
[White "Kasparov, Garry"]
[Black "Marjanovic, Slavoljub"]
[Result "1-0"]
[WhiteElo "2595"]
[BlackElo "2490"]
[Annotator "ChessBase"]
[PlyCount "45"]
[EventDate "1980.11.20"]
[EventType "team"]
[EventRounds "14"]
[EventCountry "MLT"]
[Source "ChessBase"]
[SourceDate "1999.11.16"]
[WhiteTeam "URS"]
[BlackTeam "YUG"]
[WhiteTeamCountry "URS"]
[BlackTeamCountry "YUG"]

1. d4 Nf6 2. c4 e6 3. Nf3 b6 4. g3 Bb7 5. Bg2 Be7 6. O-O O-O 7. d5 $5 (7. Nc3
Ne4) 7... exd5 8. Nh4 $1 {Polugajevsky} c6 9. cxd5 Nxd5 10. Nf5 Nc7 (10... Bc5
11. e4 Ne7 12. Nxg7 $1 Kxg7 13. b4 $16 {Polugajevsky-Korchnoi(12)/ct sf/1980/})
11. Nc3 d5 (11... d6 12. Bf4 Ne8 13. Qd2 Na6 14. Rad1 $16 {
Sveshnikov-Platonov/Taschkent/1980/}) (11... Ne8 12. Bf4 Na6 13. Qd2 d5 14. e4
Nac7 15. Rad1 Bf6 16. exd5 Nxd5 17. Nxd5 cxd5 18. Ne3 Nc7 19. Bxc7 Qxc7 {
1/2 Timman-Karpov/1983/}) 12. e4 Bf6 (12... dxe4 13. Nxe4) (12... Nd7 13. exd5
Nxd5 14. Nxd5 cxd5 15. Bxd5 Bxd5 16. Qxd5 Bf6 17. Bf4 Nc5 18. Bd6 Re8 19. Rad1
Qd7 20. Qf3 Qb7 $10 {Kishnev-Cholmov/1981/}) 13. exd5 $1 (13. Qg4 $10 {
Razuvajev-Makarichev/Tiflis/1978/}) (13. Bf4 d4 14. Nxd4 (14. e5 dxc3 15. exf6
Qxf6 16. Nxg7 Qxg7 17. Bxc7 cxb2 18. Rb1 $146) 14... Bxd4 15. Bxc7 Qxc7 16.
Qxd4 c5 $1 $10) 13... cxd5 (13... Nxd5 14. Nxd5 cxd5 15. Ne3 Nc6 16. Nxd5) 14.
Bf4 Nba6 15. Re1 Qd7 $6 (15... Nc5) (15... Bc8) 16. Bh3 (16. Qg4 Bc8 17. Ne7+
Qxe7) 16... Kh8 $2 (16... Qd8 {+/=/}) (16... Qc6 17. Rc1 Nc5 18. Be5 $1 Rfe8 (
18... d4 19. Ne4) 19. Nd4 $18) 17. Ne4 Bxb2 18. Ng5 Qc6 (18... Ne6 19. Nd6 {
/\ 20.Qc2}) 19. Ne7 Qf6 20. Nxh7 $1 Qd4 21. Qh5 g6 22. Qh4 Bxa1 23. Nf6+ (23.
Nf6+ Kg7 24. Qh6+ Kxf6 25. Bg5#) 1-0

[Event "La Valetta ol (Men)"]
[Site "La Valetta"]
[Date "1980.11.23"]
[Round "4"]
[White "Kurajica, Bojan"]
[Black "Balashov, Yuri S"]
[Result "1/2-1/2"]
[WhiteElo "2525"]
[BlackElo "2600"]
[PlyCount "37"]
[EventDate "1980.11.20"]
[EventType "team"]
[EventRounds "14"]
[EventCountry "MLT"]
[Source "ChessBase"]
[SourceDate "1999.11.16"]
[WhiteTeam "YUG"]
[BlackTeam "URS"]
[WhiteTeamCountry "YUG"]
[BlackTeamCountry "URS"]

1. e4 c5 2. Nf3 d6 3. Bb5+ Nc6 4. O-O Bd7 5. Re1 Nf6 6. d4 cxd4 7. Nxd4 e6 8.
Nxc6 bxc6 9. Bf1 Be7 10. b3 O-O 11. Ba3 c5 12. Nd2 Bc6 13. Bb2 Qc7 14. Qf3 Rad8
15. Qg3 Nh5 16. Qg4 Nf6 17. Qg3 Nh5 18. Qg4 Nf6 19. Qg3 1/2-1/2

[Event "La Valetta ol (Men)"]
[Site "La Valetta"]
[Date "1980.11.22"]
[Round "3"]
[White "Polugaevsky, Lev"]
[Black "Robatsch, Karl"]
[Result "1/2-1/2"]
[WhiteElo "2620"]
[BlackElo "2445"]
[PlyCount "31"]
[EventDate "1980.11.20"]
[EventType "team"]
[EventRounds "14"]
[EventCountry "MLT"]
[Source "ChessBase"]
[SourceDate "1999.11.16"]
[WhiteTeam "URS"]
[BlackTeam "AUT"]
[WhiteTeamCountry "URS"]
[BlackTeamCountry "AUT"]

1. c4 Nf6 2. Nc3 e6 3. Nf3 b6 4. e4 Bb7 5. Bd3 d5 6. cxd5 exd5 7. e5 Nfd7 8.
O-O Nc5 9. Bb5+ Bc6 10. Bxc6+ Nxc6 11. d4 Ne6 12. Be3 Qd7 13. Rc1 Na5 14. Nd2
c5 15. Nf3 Nc6 16. Rc2 1/2-1/2

[Event "La Valetta ol (Men)"]
[Site "La Valetta"]
[Date "1980.12.03"]
[Round "12"]
[White "Rubinetti, Jorge Alberto"]
[Black "Geller, Efim P"]
[Result "1/2-1/2"]
[WhiteElo "2445"]
[BlackElo "2565"]
[PlyCount "37"]
[EventDate "1980.11.20"]
[EventType "team"]
[EventRounds "14"]
[EventCountry "MLT"]
[Source "ChessBase"]
[SourceDate "1999.11.16"]
[WhiteTeam "ARG"]
[BlackTeam "URS"]
[WhiteTeamCountry "ARG"]
[BlackTeamCountry "URS"]

1. d4 Nf6 2. c4 e6 3. g3 d5 4. Bg2 Be7 5. Nf3 O-O 6. O-O dxc4 7. Qc2 a6 8. Qxc4
b5 9. Qc2 Bb7 10. Bf4 Nc6 11. Rd1 Nb4 12. Qc1 Rc8 13. Nc3 Nbd5 14. Bg5 c5 15.
Nxd5 Nxd5 16. dxc5 Qe8 17. Bxe7 Qxe7 18. Qd2 Rxc5 19. Rac1 1/2-1/2

[Event "La Valetta ol (Men)"]
[Site "La Valetta"]
[Date "1980.12.02"]
[Round "11"]
[White "Seirawan, Yasser"]
[Black "Tal, Mihail"]
[Result "1-0"]
[WhiteElo "2510"]
[BlackElo "2705"]
[PlyCount "119"]
[EventDate "1980.11.20"]
[EventType "team"]
[EventRounds "14"]
[EventCountry "MLT"]
[Source "ChessBase"]
[SourceDate "1999.11.16"]
[WhiteTeam "USA"]
[BlackTeam "URS"]
[WhiteTeamCountry "USA"]
[BlackTeamCountry "URS"]

1. c4 e5 2. Nc3 Nf6 3. Nf3 Nc6 4. g3 d5 5. cxd5 Nxd5 6. d3 Be7 7. Bg2 Be6 8.
O-O O-O 9. a3 Qd7 10. Bd2 f6 11. Rc1 Rfd8 12. b4 Nxc3 13. Bxc3 Bd5 14. Qc2 a5
15. b5 Nd4 16. Bxd4 exd4 17. Qb2 c6 18. bxc6 bxc6 19. a4 c5 20. Qc2 Rab8 21.
Nd2 Be6 22. Rb1 Rb4 23. Rxb4 cxb4 24. Rc1 Qd6 25. Qb2 Rc8 26. Rxc8+ Bxc8 27.
Nb3 Qe5 28. f4 Qe3+ 29. Kf1 g5 30. Nxa5 Be6 31. Nc6 Bc5 32. Nxb4 gxf4 33. Nd5
Bxd5 34. Bxd5+ Kg7 35. Qb7+ Be7 36. Be4 Kf8 37. Qc8+ Kg7 38. Qg4+ Kf8 39. Bxh7
Bd6 40. gxf4 Bxf4 41. Kg2 Bd6 42. Be4 Qd2 43. h4 Be5 44. h5 Ke7 45. Bf3 Kd6 46.
Qg6 Qf4 47. h6 Qh2+ 48. Kf1 Qh3+ 49. Bg2 Qc8 50. Kf2 Qc1 51. Bf3 Qe3+ 52. Kg2
Qf4 53. h7 Qh2+ 54. Kf1 Qh3+ 55. Bg2 Qc8 56. Kf2 Qc1 57. Bf3 Qe3+ 58. Kg2 Qg5+
59. Qxg5 fxg5 60. a5 1-0

[Event "La Valetta ol (Men)"]
[Site "La Valetta"]
[Date "1980.11.21"]
[Round "2"]
[White "Skembris, Spyridon"]
[Black "Polugaevsky, Lev"]
[Result "1/2-1/2"]
[WhiteElo "2315"]
[BlackElo "2620"]
[PlyCount "82"]
[EventDate "1980.11.20"]
[EventType "team"]
[EventRounds "14"]
[EventCountry "MLT"]
[Source "ChessBase"]
[SourceDate "1999.11.16"]
[WhiteTeam "GRE"]
[BlackTeam "URS"]
[WhiteTeamCountry "GRE"]
[BlackTeamCountry "URS"]

1. d4 Nf6 2. c4 e6 3. Nf3 b6 4. a3 Bb7 5. Nc3 d5 6. cxd5 Nxd5 7. Qc2 Be7 8.
Nxd5 exd5 9. Bf4 c5 10. dxc5 bxc5 11. e4 dxe4 12. Bb5+ Kf8 13. Nd2 Qb6 14. Bc4
Nc6 15. Qxe4 Nd4 16. Qd3 Qf6 17. Be3 Bxg2 18. Rg1 Rd8 19. O-O-O Bc6 20. Rg4 Ne6
21. Qb3 h5 22. Rg3 Nd4 23. Qc3 Qd6 24. Nb3 Bf6 25. Qa5 h4 26. Rg4 Bf3 27. Bxd4
Bxd4 28. Rgxd4 cxd4 29. Rxd4 Qh6+ 30. Kb1 Rxd4 31. Nxd4 Be4+ 32. Ka2 Qb6 33.
Qe5 Bg6 34. f4 Rh6 35. Bd5 Bh7 36. f5 Rd6 37. Nb5 Rd8 38. Nc3 Qd6 39. Qe4 Qe7
40. Qg4 Qf6 41. Be4 Qe5 1/2-1/2

[Event "La Valetta ol (Men)"]
[Site "La Valetta"]
[Date "1980.11.29"]
[Round "9"]
[White "Smejkal, Jan"]
[Black "Polugaevsky, Lev"]
[Result "1-0"]
[WhiteElo "2565"]
[BlackElo "2620"]
[PlyCount "79"]
[EventDate "1980.11.20"]
[EventType "team"]
[EventRounds "14"]
[EventCountry "MLT"]
[Source "ChessBase"]
[SourceDate "1999.11.16"]
[WhiteTeam "CSR"]
[BlackTeam "URS"]
[WhiteTeamCountry "CSR"]
[BlackTeamCountry "URS"]

1. c4 Nf6 2. Nc3 e6 3. Nf3 b6 4. e4 Bb7 5. d3 d6 6. g3 c5 7. Bg2 Be7 8. O-O O-O
9. b3 a6 10. Bb2 Qd7 11. Re1 Nc6 12. d4 cxd4 13. Nxd4 Rab8 14. Nc2 Ba8 15. Qe2
Rfd8 16. Rad1 Ne8 17. Ne3 Qa7 18. Ba1 Qb7 19. Rd2 b5 20. Red1 Qb6 21. Kh1 Qa5
22. f4 Bf6 23. Rc1 b4 24. Na4 Bxa1 25. Rxa1 e5 26. Nd5 Nd4 27. Qh5 g6 28. Qh6
Bxd5 29. cxd5 Rbc8 30. Rf1 Qb5 31. Bh3 Nf6 32. fxe5 dxe5 33. Rxf6 Rc1+ 34. Kg2
Ne2 35. Kf2 Nc3 36. Nxc3 bxc3 37. Re2 Rd1 38. Rc6 Qb4 39. Qe3 Rd4 40. Qxc3 1-0

[Event "La Valetta ol (Men)"]
[Site "La Valetta"]
[Date "1980.12.04"]
[Round "13"]
[White "Suba, Mihai"]
[Black "Balashov, Yuri S"]
[Result "1/2-1/2"]
[WhiteElo "2430"]
[BlackElo "2600"]
[PlyCount "28"]
[EventDate "1980.11.20"]
[EventType "team"]
[EventRounds "14"]
[EventCountry "MLT"]
[Source "ChessBase"]
[SourceDate "1999.11.16"]
[WhiteTeam "ROM"]
[BlackTeam "URS"]
[WhiteTeamCountry "ROM"]
[BlackTeamCountry "URS"]

1. c4 e5 2. g3 c6 3. d4 exd4 4. Qxd4 d5 5. Nf3 Nf6 6. Bg2 Be7 7. cxd5 cxd5 8.
O-O Nc6 9. Qa4 O-O 10. Be3 Bd7 11. Nc3 a6 12. Rac1 Na5 13. Qc2 Nc4 14. Bd4 Be6
1/2-1/2

[Event "La Valetta ol (Men)"]
[Site "La Valetta"]
[Date "1980.11.25"]
[Round "5"]
[White "Tal, Mihail"]
[Black "Radulov, Ivan"]
[Result "1-0"]
[WhiteElo "2705"]
[BlackElo "2490"]
[PlyCount "55"]
[EventDate "1980.11.20"]
[EventType "team"]
[EventRounds "14"]
[EventCountry "MLT"]
[Source "ChessBase"]
[SourceDate "1999.11.16"]
[WhiteTeam "URS"]
[BlackTeam "BUL"]
[WhiteTeamCountry "URS"]
[BlackTeamCountry "BUL"]

1. e4 c5 2. Nf3 Nc6 3. d4 cxd4 4. Nxd4 Nf6 5. Nc3 d6 6. Bg5 e6 7. Qd2 a6 8.
O-O-O h6 9. Be3 Nxd4 10. Bxd4 b5 11. f4 b4 12. Bxf6 Qxf6 13. Ne2 Rb8 14. Nd4
Rb6 15. Bc4 g6 16. Bb3 Bd7 17. Nf3 a5 18. Ne5 Bb5 19. Ng4 Qg7 20. e5 Be7 21.
Qd4 Bd8 22. Nf6+ Kf8 23. g4 g5 24. Nh5 Qg8 25. exd6 Rb7 26. f5 exf5 27. Rhe1
Bd7 28. Qe5 1-0